[Event "Stay Safe Play From Home 268"]
[Site "Emanuel Lasker Arena"]
[Date "2020.07.01"]
[Round "4"]
[White "Patzeroglu"]
[Black "Justwatch"]
[Result "1-0"]
[WhiteElo "1885"]
[BlackElo "1682"]
[Annotator "NA"]
[PlyCount "59"]
[EventDate "2020.07.01"]
[EventType "swiss (blitz)"]

1. e4 {[%emt 0:00:13]} Nf6 {[%emt 0:00:00]} 2. e5 {[%emt 0:00:02]} Nd5 {[%emt 0:00:01]} 3. c4 {[%emt 0:00:01]} Nb4 {[%emt 0:00:01]} 4. c5 {[%emt 0:00:00]} N4c6 {[%emt 0:00:00]} 5. Nc3 {[%emt 0:00:00]} g6 {[%emt 0:00:00]} 6. d4 {[%emt 0:00:01]} Bg7 {[%emt 0:00:00]} 7. f4 {[%emt 0:00:02]} O-O {[%emt 0:00:00]} 8. d5 {[%emt 0:00:01]} Na5 {[%emt 0:00:03]} 9. b4 {[%emt 0:00:02]} b6 {[%emt 0:00:00]} 10. bxa5 {[%emt 0:00:04]} bxa5 {[%emt 0:00:00]} 11. Nf3 {[%emt 0:00:02]} d6 {[%emt 0:00:01]} 12. Bc4 {[%emt 0:00:06]} Bg4 {[%emt 0:00:03]} 13. exd6 {[%emt 0:00:02]} cxd6 {[%emt 0:00:01]} 14. Bd2 {[%emt 0:00:03]} dxc5 {[%emt 0:00:01]} 15. O-O {[%emt 0:00:01]} Nd7 {[%emt 0:00:04]} 16. Kh1 {[%emt 0:00:01]} Nb6 {[%emt 0:00:01]} 17. Bb5 {[%emt 0:00:02]} a6 {[%emt 0:00:01]} 18. Bc6 {[%emt 0:00:02]} Rc8 {[%emt 0:00:01]} 19. Rb1 {[%emt 0:00:00]} Nd7 {[%emt 0:00:05]} 20. Ne4 {[%emt 0:00:02]} Nf6 {[%emt 0:00:02]} 21. Nxf6+ {[%emt 0:00:02]} Bxf6 {[%emt 0:00:00]} 22. h3 {[%emt 0:00:00]} Bxf3 {[%emt 0:00:01]} 23. Qxf3 {[%emt 0:00:00]} Rxc6 {[%emt 0:00:01]} 24. dxc6 {[%emt 0:00:02]} Qxd2 {[%emt 0:00:01]} 25. Rfd1 {[%emt 0:00:01]} Qxa2 {[%emt 0:00:02]} 26. c7 {[%emt 0:00:00]} Qe6 {[%emt 0:00:02]} 27. Rb8 {[%emt 0:00:01]} Rc8 {[%emt 0:00:02]} 28. Rd8+ {[%emt 0:00:01]} Rxd8 {[%emt 0:00:01]} 29. cxd8=Q+ {[%emt 0:00:01]} Kg7 {[%emt 0:00:00]} 30. Qf8# {[%emt 0:00:01] (Lag: Av=1.30s, max=2.1s)} 1-0

[Event "Stay Safe Play From Home 268"]
[Site "Emanuel Lasker Arena"]
[Date "2020.07.01"]
[Round "4"]
[White "Haris kollari 13"]
[Black "Klasman"]
[Result "1-0"]
[WhiteElo "1762"]
[BlackElo "1347"]
[Annotator "NA"]
[PlyCount "49"]
[EventDate "2020.07.01"]
[EventType "swiss (blitz)"]

1. e4 {[%emt 0:00:01]} f5 {[%emt 0:00:01]} 2. e5 {[%emt 0:00:02]} d6 {[%emt 0:00:01]} 3. f4 {[%emt 0:00:02]} e6 {[%emt 0:00:01]} 4. Nf3 {[%emt 0:00:02]} Ne7 {[%emt 0:00:02]} 5. d4 {[%emt 0:00:01]} d5 {[%emt 0:00:02]} 6. c4 {[%emt 0:00:01]} c6 {[%emt 0:00:02]} 7. Nc3 {[%emt 0:00:01]} Ng6 {[%emt 0:00:01]} 8. Be3 {[%emt 0:00:01]} Bb4 {[%emt 0:00:01]} 9. c5 {[%emt 0:00:01]} Qa5 {[%emt 0:00:02]} 10. Qc2 {[%emt 0:00:03]} b6 {[%emt 0:00:01]} 11. cxb6 {[%emt 0:00:04]} c5 {[%emt 0:00:05]} 12. dxc5 {[%emt 0:00:02]} Bxc5 {[%emt 0:00:02]} 13. Bd2 {[%emt 0:00:02]} Qxb6 {[%emt 0:00:03]} 14. Na4 {[%emt 0:00:05]} Bf2+ {[%emt 0:00:06]} 15. Ke2 {[%emt 0:00:01]} Nxf4+ {[%emt 0:00:04]} 16. Bxf4 {[%emt 0:00:02]} Ba6+ {[%emt 0:00:02]} 17. Kd1 {[%emt 0:00:05]} O-O {[%emt 0:00:12]} 18. Nxb6 {[%emt 0:00:03]} axb6 {[%emt 0:00:02]} 19. Bxa6 {[%emt 0:00:02]} Rxa6 {[%emt 0:00:02]} 20. Qxf2 {[%emt 0:00:01]} Nd7 {[%emt 0:00:02]} 21. Qe2 {[%emt 0:00:02]} Nc5 {[%emt 0:00:03]} 22. b4 {[%emt 0:00:02]} Ra4 {[%emt 0:00:01]} 23. bxc5 {[%emt 0:00:02]} Rxf4 {[%emt 0:00:01]} 24. cxb6 {[%emt 0:00:01]} Re4 {[%emt 0:00:02]} 25. Qxe4 {[%emt 0:00:01] Time (Lag: Av=0.46s, max=0.8s)} 1-0

[Event "Stay Safe Play From Home 268"]
[Site "Emanuel Lasker Arena"]
[Date "2020.07.01"]
[Round "5"]
[White "Mepe_Nika"]
[Black "Fischer_11"]
[Result "1-0"]
[WhiteElo "2402"]
[BlackElo "2052"]
[Annotator "NA"]
[PlyCount "97"]
[EventDate "2020.07.01"]
[EventType "swiss (blitz)"]

1. g3 {[%emt 0:00:01]} Nf6 {[%emt 0:00:02]} 2. Bg2 {[%emt 0:00:00]} g6 {[%emt 0:00:01]} 3. c4 {[%emt 0:00:01]} Bg7 {[%emt 0:00:01]} 4. Nc3 {[%emt 0:00:00]} O-O {[%emt 0:00:00]} 5. Rb1 {[%emt 0:00:00]} c6 {[%emt 0:00:00]} 6. b4 {[%emt 0:00:01]} d5 {[%emt 0:00:00]} 7. cxd5 {[%emt 0:00:01]} cxd5 {[%emt 0:00:00]} 8. d3 {[%emt 0:00:01]} Bg4 {[%emt 0:00:02]} 9. Bd2 {[%emt 0:00:01]} Nc6 {[%emt 0:00:01]} 10. b5 {[%emt 0:00:02]} Nb8 {[%emt 0:00:01]} 11. Nf3 {[%emt 0:00:01]} Bxf3 {[%emt 0:00:01]} 12. Bxf3 {[%emt 0:00:01]} e6 {[%emt 0:00:00]} 13. h4 {[%emt 0:00:01]} Nbd7 {[%emt 0:00:00]} 14. h5 {[%emt 0:00:01]} a6 {[%emt 0:00:03]} 15. bxa6 {[%emt 0:00:04]} bxa6 {[%emt 0:00:00]} 16. O-O {[%emt 0:00:02]} Rb8 {[%emt 0:00:01]} 17. hxg6 {[%emt 0:00:01]} hxg6 {[%emt 0:00:02]} 18. Qa4 {[%emt 0:00:00]} Nc5 {[%emt 0:00:04]} 19. Qa3 {[%emt 0:00:02]} Qc7 {[%emt 0:00:02]} 20. Bf4 {[%emt 0:00:03]} e5 {[%emt 0:00:03]} 21. Bd2 {[%emt 0:00:01]} e4 {[%emt 0:00:03]} 22. dxe4 {[%emt 0:00:03]} Ncxe4 {[%emt 0:00:00]} 23. Nxe4 {[%emt 0:00:04]} Nxe4 {[%emt 0:00:01]} 24. Bf4 {[%emt 0:00:01]} Be5 {[%emt 0:00:03]} 25. Rbc1 {[%emt 0:00:04]} Qd6 {[%emt 0:00:14]} 26. Qxd6 {[%emt 0:00:01]} Bxd6 {[%emt 0:00:00]} 27. Bxd6 {[%emt 0:00:03]} Nxd6 {[%emt 0:00:00]} 28. Bxd5 {[%emt 0:00:00]} Nb5 {[%emt 0:00:01]} 29. Rc6 {[%emt 0:00:02]} Rfd8 {[%emt 0:00:01]} 30. e4 {[%emt 0:00:02]} Rd6 {[%emt 0:00:01]} 31. Rfc1 {[%emt 0:00:02]} Rb6 {[%emt 0:00:02]} 32. Rxb6 {[%emt 0:00:02]} Rxb6 {[%emt 0:00:00]} 33. Rc6 {[%emt 0:00:01]} Rxc6 {[%emt 0:00:01]} 34. Bxc6 {[%emt 0:00:00]} Nd4 {[%emt 0:00:01]} 35. Bd5 {[%emt 0:00:01]} a5 {[%emt 0:00:00]} 36. f4 {[%emt 0:00:01]} Kf8 {[%emt 0:00:00]} 37. Kf2 {[%emt 0:00:00]} Ke7 {[%emt 0:00:00]} 38. Ke3 {[%emt 0:00:00]} Nb5 {[%emt 0:00:00]} 39. Kd3 {[%emt 0:00:02]} Nc7 {[%emt 0:00:01]} 40. Kc4 {[%emt 0:00:01]} Kd6 {[%emt 0:00:00]} 41. Bxf7 {[%emt 0:00:01]} g5 {[%emt 0:00:01]} 42. fxg5 {[%emt 0:00:01]} Ke7 {[%emt 0:00:00]} 43. g6 {[%emt 0:00:00]} Kf6 {[%emt 0:00:00]} 44. Kc5 {[%emt 0:00:00]} Kg7 {[%emt 0:00:00]} 45. Kb6 {[%emt 0:00:00]} Ne6 {[%emt 0:00:03]} 46. Bxe6 {[%emt 0:00:01]} a4 {[%emt 0:00:00]} 47. Ka5 {[%emt 0:00:00]} a3 {[%emt 0:00:00]} 48. Ka4 {[%emt 0:00:00]} Kxg6 {[%emt 0:00:00]} 49. Kxa3 {[%emt 0:00:00] (Lag: Av=0.35s, max=0.7s)} 1-0

[Event "Stay Safe Play From Home 268"]
[Site "Emanuel Lasker Arena"]
[Date "2020.07.01"]
[Round "5"]
[White "The Next Contender"]
[Black "Haris kollari 13"]
[Result "1-0"]
[WhiteElo "1967"]
[BlackElo "1765"]
[Annotator "NA"]
[PlyCount "67"]
[EventDate "2020.07.01"]
[EventType "swiss (blitz)"]

1. d4 {[%emt 0:00:01]} e6 {[%emt 0:00:00]} 2. c3 {[%emt 0:00:01]} d5 {[%emt 0:00:00]} 3. Nd2 {[%emt 0:00:02]} c5 {[%emt 0:00:01]} 4. g3 {[%emt 0:00:01]} Nc6 {[%emt 0:00:01]} 5. e3 {[%emt 0:00:01]} f5 {[%emt 0:00:01]} 6. Bg2 {[%emt 0:00:00]} Nf6 {[%emt 0:00:01]} 7. Ne2 {[%emt 0:00:00]} Bd7 {[%emt 0:00:02]} 8. O-O {[%emt 0:00:00]} Bd6 {[%emt 0:00:02]} 9. b3 {[%emt 0:00:00]} g5 {[%emt 0:00:01]} 10. Bb2 {[%emt 0:00:00]} h5 {[%emt 0:00:01]} 11. f4 {[%emt 0:00:00]} g4 {[%emt 0:00:01]} 12. dxc5 {[%emt 0:00:02]} Bxc5 {[%emt 0:00:01]} 13. Nd4 {[%emt 0:00:00]} h4 {[%emt 0:00:05]} 14. gxh4 {[%emt 0:00:02]} Rxh4 {[%emt 0:00:02]} 15. Qe1 {[%emt 0:00:00]} Ne4 {[%emt 0:00:01]} 16. Nxe4 {[%emt 0:00:01]} dxe4 {[%emt 0:00:01]} 17. Rd1 {[%emt 0:00:03]} Qe7 {[%emt 0:00:02]} 18. b4 {[%emt 0:00:01]} Bb6 {[%emt 0:00:01]} 19. Qg3 {[%emt 0:00:01]} Qh7 {[%emt 0:00:02]} 20. Kf2 {[%emt 0:00:03]} O-O-O {[%emt 0:00:04]} 21. Nb5 {[%emt 0:00:03]} Rxh2 {[%emt 0:00:05]} 22. Rh1 {[%emt 0:00:01]} Rxh1 {[%emt 0:00:02]} 23. Rxh1 {[%emt 0:00:00]} Qe7 {[%emt 0:00:04]} 24. c4 {[%emt 0:00:01]} Qxb4 {[%emt 0:00:02]} 25. Rb1 {[%emt 0:00:02]} Qd2+ {[%emt 0:00:02]} 26. Kg1 {[%emt 0:00:01]} Bxe3+ {[%emt 0:00:01]} 27. Kf1 {[%emt 0:00:02]} Bxf4 {[%emt 0:00:02]} 28. Qf2 {[%emt 0:00:01]} Qxf2+ {[%emt 0:00:01]} 29. Kxf2 {[%emt 0:00:01]} e3+ {[%emt 0:00:00]} 30. Ke2 {[%emt 0:00:01]} e5 {[%emt 0:00:01]} 31. Nd6+ {[%emt 0:00:02]} Kc7 {[%emt 0:00:02]} 32. c5 {[%emt 0:00:03]} Be6 {[%emt 0:00:01]} 33. Bxe5 {[%emt 0:00:01]} Nxe5 {[%emt 0:00:03]} 34. Rxb7# {[%emt 0:00:01] (Lag: Av=0.53s, max=0.9s)} 1-0

[Event "Stay Safe Play From Home 268"]
[Site "Emanuel Lasker Arena"]
[Date "2020.07.01"]
[Round "5"]
[White "Patzeroglu"]
[Black "Broken sword"]
[Result "0-1"]
[WhiteElo "1893"]
[BlackElo "2477"]
[PlyCount "88"]
[EventDate "2020.07.01"]
[EventType "swiss (blitz)"]

1. e4 {[%emt 0:00:02]} c5 {[%emt 0:00:01]} 2. Nf3 {[%emt 0:00:02]} e6 {[%emt 0:00:00]} 3. d4 {[%emt 0:00:01]} cxd4 {[%emt 0:00:00]} 4. Nxd4 {[%emt 0:00:01]} a6 {[%emt 0:00:00]} 5. Be3 {[%emt 0:00:01]} d6 {[%emt 0:00:01]} 6. Nd2 {[%emt 0:00:00]} Nf6 {[%emt 0:00:00]} 7. Bd3 {[%emt 0:00:01]} Nbd7 {[%emt 0:00:01]} 8. O-O {[%emt 0:00:01]} Qc7 {[%emt 0:00:00]} 9. Kh1 {[%emt 0:00:01]} b5 {[%emt 0:00:01]} 10. f4 {[%emt 0:00:01]} Bb7 {[%emt 0:00:01]} 11. a4 {[%emt 0:00:01]} b4 {[%emt 0:00:02]} 12. Qf3 {[%emt 0:00:01]} Be7 {[%emt 0:00:01]} 13. Qh3 {[%emt 0:00:01]} Nc5 {[%emt 0:00:01]} 14. Qf3 {[%emt 0:00:07]} h5 {[%emt 0:00:02]} 15. Rae1 {[%emt 0:00:02]} h4 {[%emt 0:00:01]} 16. Qh3 {[%emt 0:00:06]} Ncxe4 {[%emt 0:00:03]} 17. Nxe4 {[%emt 0:00:02]} Nxe4 {[%emt 0:00:00]} 18. f5 {[%emt 0:00:01]} e5 {[%emt 0:00:02]} 19. f6 {[%emt 0:00:01]} Nxf6 {[%emt 0:00:01]} 20. Nf5 {[%emt 0:00:01]} Rg8 {[%emt 0:00:03]} 21. Qxh4 {[%emt 0:00:02]} Bc8 {[%emt 0:00:01]} 22. Nxe7 {[%emt 0:00:02]} Qxe7 {[%emt 0:00:00]} 23. Bg5 {[%emt 0:00:00]} Bb7 {[%emt 0:00:03]} 24. Be4 {[%emt 0:00:06]} Bxe4 {[%emt 0:00:02]} 25. Bxf6 {[%emt 0:00:01]} gxf6 {[%emt 0:00:01]} 26. Qxe4 {[%emt 0:00:01]} Rb8 {[%emt 0:00:00]} 27. Qd5 {[%emt 0:00:02]} Qb7 {[%emt 0:00:02]} 28. Qxb7 {[%emt 0:00:02]} Rxb7 {[%emt 0:00:01]} 29. Rxf6 {[%emt 0:00:00]} Ke7 {[%emt 0:00:00]} 30. Ref1 {[%emt 0:00:01]} Rg7 {[%emt 0:00:00]} 31. h4 {[%emt 0:00:01]} Rc7 {[%emt 0:00:01]} 32. h5 {[%emt 0:00:01]} Rxc2 {[%emt 0:00:02]} 33. h6 {[%emt 0:00:01]} Rh7 {[%emt 0:00:00]} 34. Kg1 {[%emt 0:00:01]} a5 {[%emt 0:00:02]} 35. g4 {[%emt 0:00:01]} Rxb2 {[%emt 0:00:04]} 36. g5 {[%emt 0:00:01]} Rb3 {[%emt 0:00:00]} 37. Rxf7+ {[%emt 0:00:01]} Rxf7 {[%emt 0:00:01]} 38. g6 {[%emt 0:00:00]} Rg3+ {[%emt 0:00:02]} 39. Kh2 {[%emt 0:00:01]} Rxg6 {[%emt 0:00:00]} 40. Rxf7+ {[%emt 0:00:02]} Kxf7 {[%emt 0:00:00]} 41. h7 {[%emt 0:00:00]} Rh6+ {[%emt 0:00:00]} 42. Kg3 {[%emt 0:00:00]} Rxh7 {[%emt 0:00:00]} 43. Kf3 {[%emt 0:00:00]} Ke6 {[%emt 0:00:00]} 44. Ke4 {[%emt 0:00:00]} d5+ {[%emt 0:00:00] Time (Lag: Av=1.13s, max=1.7s)} 0-1

[Event "Stay Safe Play From Home 268"]
[Site "Emanuel Lasker Arena"]
[Date "2020.07.01"]
[Round "5"]
[White "Trotsky"]
[Black "NeatFox"]
[Result "0-1"]
[WhiteElo "1565"]
[BlackElo "1916"]
[PlyCount "58"]
[EventDate "2020.07.01"]
[EventType "swiss (blitz)"]

1. d4 {[%emt 0:00:01]} c6 {[%emt 0:00:00]} 2. e3 {[%emt 0:00:01]} d5 {[%emt 0:00:00]} 3. c4 {[%emt 0:00:01]} g6 {[%emt 0:00:00]} 4. Nc3 {[%emt 0:00:01]} dxc4 {[%emt 0:00:01]} 5. Bxc4 {[%emt 0:00:01]} Bg7 {[%emt 0:00:00]} 6. Qc2 {[%emt 0:00:02]} Nf6 {[%emt 0:00:00]} 7. Bd3 {[%emt 0:00:01]} O-O {[%emt 0:00:01]} 8. Bd2 {[%emt 0:00:01]} Qc7 {[%emt 0:00:03]} 9. Nf3 {[%emt 0:00:02]} c5 {[%emt 0:00:00]} 10. Ng5 {[%emt 0:00:02]} cxd4 {[%emt 0:00:01]} 11. exd4 {[%emt 0:00:02]} Nc6 {[%emt 0:00:01]} 12. Be3 {[%emt 0:00:02]} Nb4 {[%emt 0:00:01]} 13. Qb1 {[%emt 0:00:01]} Nxd3+ {[%emt 0:00:01]} 14. Qxd3 {[%emt 0:00:01]} Bf5 {[%emt 0:00:02]} 15. Qd2 {[%emt 0:00:03]} Rac8 {[%emt 0:00:01]} 16. Rc1 {[%emt 0:00:03]} Qa5 {[%emt 0:00:02]} 17. h4 {[%emt 0:00:02]} h5 {[%emt 0:00:02]} 18. g4 {[%emt 0:00:02]} Nxg4 {[%emt 0:00:01]} 19. f3 {[%emt 0:00:08]} Nxe3 {[%emt 0:00:02]} 20. Qxe3 {[%emt 0:00:01]} e6 {[%emt 0:00:01]} 21. Ke2 {[%emt 0:00:04]} Qa6+ {[%emt 0:00:02]} 22. Kf2 {[%emt 0:00:01]} Rfd8 {[%emt 0:00:03]} 23. Rcg1 {[%emt 0:00:03]} Bxd4 {[%emt 0:00:02]} 24. Qxd4 {[%emt 0:00:01]} Rxd4 {[%emt 0:00:01]} 25. Nge4 {[%emt 0:00:07]} Bxe4 {[%emt 0:00:01]} 26. Nxe4 {[%emt 0:00:03]} Rc2+ {[%emt 0:00:03]} 27. Kg3 {[%emt 0:00:01]} Kf8 {[%emt 0:00:02]} 28. Kh3 {[%emt 0:00:02]} Qd3 {[%emt 0:00:02]} 29. Rg3 {[%emt 0:00:02]} Rxe4 {[%emt 0:00:01] Âðåìÿ (Lag: Av=0.33s, max=0.7s)} 0-1

[Event "Stay Safe Play From Home 268"]
[Site "Emanuel Lasker Arena"]
[Date "2020.07.01"]
[Round "5"]
[White "Klasman"]
[Black "Lazieri3"]
[Result "0-1"]
[WhiteElo "1344"]
[BlackElo "2105"]
[PlyCount "56"]
[EventDate "2020.07.01"]
[EventType "swiss (blitz)"]

1. f4 {[%emt 0:00:01]} c6 {[%emt 0:00:00]} 2. e4 {[%emt 0:00:01]} d5 {[%emt 0:00:00]} 3. e5 {[%emt 0:00:01]} Bf5 {[%emt 0:00:01]} 4. Nf3 {[%emt 0:00:02]} e6 {[%emt 0:00:01]} 5. d4 {[%emt 0:00:02]} h6 {[%emt 0:00:01]} 6. c4 {[%emt 0:00:01]} dxc4 {[%emt 0:00:01]} 7. Bxc4 {[%emt 0:00:02]} Nd7 {[%emt 0:00:00]} 8. Qb3 {[%emt 0:00:02]} Nb6 {[%emt 0:00:00]} 9. Nc3 {[%emt 0:00:05]} Nxc4 {[%emt 0:00:01]} 10. Qxc4 {[%emt 0:00:04]} Ne7 {[%emt 0:00:00]} 11. Be3 {[%emt 0:00:03]} Nd5 {[%emt 0:00:01]} 12. Nxd5 {[%emt 0:00:03]} exd5 {[%emt 0:00:02]} 13. Qb3 {[%emt 0:00:02]} Qb6 {[%emt 0:00:01]} 14. O-O {[%emt 0:00:02]} Qxb3 {[%emt 0:00:03]} 15. axb3 {[%emt 0:00:01]} Be7 {[%emt 0:00:01]} 16. h3 {[%emt 0:00:03]} O-O {[%emt 0:00:01]} 17. g4 {[%emt 0:00:01]} Be4 {[%emt 0:00:01]} 18. Nd2 {[%emt 0:00:01]} Bc2 {[%emt 0:00:01]} 19. Rfc1 {[%emt 0:00:03]} Bd3 {[%emt 0:00:02]} 20. Rc3 {[%emt 0:00:01]} Bg6 {[%emt 0:00:01]} 21. f5 {[%emt 0:00:03]} Bh7 {[%emt 0:00:01]} 22. Kg2 {[%emt 0:00:01]} h5 {[%emt 0:00:02]} 23. Kg3 {[%emt 0:00:02]} hxg4 {[%emt 0:00:01]} 24. hxg4 {[%emt 0:00:01]} Rfd8 {[%emt 0:00:02]} 25. Rcc1 {[%emt 0:00:02]} f6 {[%emt 0:00:01]} 26. e6 {[%emt 0:00:02]} Bd6+ {[%emt 0:00:01]} 27. Kf3 {[%emt 0:00:02]} g6 {[%emt 0:00:01]} 28. Rh1 {[%emt 0:00:05]} gxf5 {[%emt 0:00:01] Time (Lag: Av=0.56s, max=0.9s)} 0-1

[Event "Stay Safe Play From Home 268"]
[Site "Emanuel Lasker Arena"]
[Date "2020.07.01"]
[Round "6"]
[White "Fischer_11"]
[Black "Patzeroglu"]
[Result "1-0"]
[WhiteElo "2048"]
[BlackElo "1892"]
[Annotator "NA"]
[PlyCount "67"]
[EventDate "2020.07.01"]
[EventType "swiss (blitz)"]

1. e4 {[%emt 0:00:00]} c5 {[%emt 0:00:00]} 2. c3 {[%emt 0:00:01]} d5 {[%emt 0:00:13]} 3. exd5 {[%emt 0:00:00]} Nf6 {[%emt 0:00:02]} 4. d4 {[%emt 0:00:00]} cxd4 {[%emt 0:00:02]} 5. Qxd4 {[%emt 0:00:02]} Qxd5 {[%emt 0:00:01]} 6. Nf3 {[%emt 0:00:00]} Nc6 {[%emt 0:00:03]} 7. Qxd5 {[%emt 0:00:02]} Nxd5 {[%emt 0:00:00]} 8. Be2 {[%emt 0:00:00]} Bg4 {[%emt 0:00:02]} 9. O-O {[%emt 0:00:00]} O-O-O {[%emt 0:00:01]} 10. h3 {[%emt 0:00:00]} Bh5 {[%emt 0:00:01]} 11. Bg5 {[%emt 0:00:01]} f6 {[%emt 0:00:01]} 12. Bh4 {[%emt 0:00:01]} e5 {[%emt 0:00:01]} 13. Bg3 {[%emt 0:00:01]} a5 {[%emt 0:00:03]} 14. Nbd2 {[%emt 0:00:01]} Nxc3 {[%emt 0:00:04]} 15. bxc3 {[%emt 0:00:02]} Rxd2 {[%emt 0:00:00]} 16. Nxd2 {[%emt 0:00:03]} Bxe2 {[%emt 0:00:00]} 17. Rfe1 {[%emt 0:00:00]} Bd3 {[%emt 0:00:01]} 18. Re3 {[%emt 0:00:02]} Bc2 {[%emt 0:00:02]} 19. Rc1 {[%emt 0:00:02]} Bg6 {[%emt 0:00:01]} 20. c4 {[%emt 0:00:03]} Bc5 {[%emt 0:00:01]} 21. Ree1 {[%emt 0:00:03]} Nb4 {[%emt 0:00:02]} 22. Ne4 {[%emt 0:00:01]} Bd4 {[%emt 0:00:02]} 23. a3 {[%emt 0:00:03]} Nd3 {[%emt 0:00:01]} 24. Nd6+ {[%emt 0:00:01]} Kb8 {[%emt 0:00:03]} 25. Nb5 {[%emt 0:00:00]} Bb6 {[%emt 0:00:05]} 26. Red1 {[%emt 0:00:02]} Nxc1 {[%emt 0:00:01]} 27. Rxc1 {[%emt 0:00:00]} Rc8 {[%emt 0:00:01]} 28. Nd6 {[%emt 0:00:02]} Rc6 {[%emt 0:00:02]} 29. c5 {[%emt 0:00:01]} Bxc5 {[%emt 0:00:01]} 30. Rd1 {[%emt 0:00:02]} Rxd6 {[%emt 0:00:01]} 31. Rf1 {[%emt 0:00:00]} b6 {[%emt 0:00:01]} 32. Kh2 {[%emt 0:00:00]} Rd3 {[%emt 0:00:01]} 33. f4 {[%emt 0:00:00]} e4 {[%emt 0:00:01]} 34. Bf2 {[%emt 0:00:02] Time (Lag: Av=1.10s, max=1.7s)} 1-0

[Event "Stay Safe Play From Home 268"]
[Site "Emanuel Lasker Arena"]
[Date "2020.07.01"]
[Round "6"]
[White "The Next Contender"]
[Black "Broken sword"]
[Result "0-1"]
[WhiteElo "1975"]
[BlackElo "2478"]
[PlyCount "106"]
[EventDate "2020.07.01"]
[EventType "swiss (blitz)"]

1. d4 {[%emt 0:00:00]} d5 {[%emt 0:00:01]} 2. c4 {[%emt 0:00:01]} c5 {[%emt 0:00:00]} 3. Nf3 {[%emt 0:00:02]} cxd4 {[%emt 0:00:00]} 4. Nxd4 {[%emt 0:00:01]} dxc4 {[%emt 0:00:01]} 5. e3 {[%emt 0:00:01]} a6 {[%emt 0:00:01]} 6. Bxc4 {[%emt 0:00:01]} e6 {[%emt 0:00:00]} 7. O-O {[%emt 0:00:01]} Nf6 {[%emt 0:00:00]} 8. b3 {[%emt 0:00:02]} Bd7 {[%emt 0:00:00]} 9. Bb2 {[%emt 0:00:00]} Nc6 {[%emt 0:00:00]} 10. Nxc6 {[%emt 0:00:01]} Bxc6 {[%emt 0:00:00]} 11. Be2 {[%emt 0:00:01]} Be7 {[%emt 0:00:01]} 12. Bf3 {[%emt 0:00:00]} Qc7 {[%emt 0:00:01]} 13. Nc3 {[%emt 0:00:02]} O-O {[%emt 0:00:01]} 14. Rc1 {[%emt 0:00:02]} Rad8 {[%emt 0:00:00]} 15. Qe2 {[%emt 0:00:01]} Bxf3 {[%emt 0:00:07]} 16. Qxf3 {[%emt 0:00:01]} Qb8 {[%emt 0:00:00]} 17. Ne4 {[%emt 0:00:01]} Nxe4 {[%emt 0:00:01]} 18. Qxe4 {[%emt 0:00:00]} Rfe8 {[%emt 0:00:01]} 19. Qg4 {[%emt 0:00:01]} Bf8 {[%emt 0:00:01]} 20. Rc2 {[%emt 0:00:01]} Rc8 {[%emt 0:00:01]} 21. Rfc1 {[%emt 0:00:01]} Rxc2 {[%emt 0:00:01]} 22. Rxc2 {[%emt 0:00:00]} Rc8 {[%emt 0:00:00]} 23. Qe4 {[%emt 0:00:04]} h6 {[%emt 0:00:03]} 24. h3 {[%emt 0:00:01]} Rxc2 {[%emt 0:00:02]} 25. Qxc2 {[%emt 0:00:01]} Qd8 {[%emt 0:00:00]} 26. Qc3 {[%emt 0:00:04]} Qd7 {[%emt 0:00:01]} 27. Qd4 {[%emt 0:00:01]} Qxd4 {[%emt 0:00:01]} 28. Bxd4 {[%emt 0:00:01]} f6 {[%emt 0:00:00]} 29. a4 {[%emt 0:00:02]} e5 {[%emt 0:00:01]} 30. Bc3 {[%emt 0:00:01]} Kf7 {[%emt 0:00:00]} 31. Kf1 {[%emt 0:00:00]} Ke6 {[%emt 0:00:00]} 32. Ke2 {[%emt 0:00:00]} Kd5 {[%emt 0:00:00]} 33. Kd3 {[%emt 0:00:00]} e4+ {[%emt 0:00:00]} 34. Kd2 {[%emt 0:00:02]} f5 {[%emt 0:00:00]} 35. f3 {[%emt 0:00:00]} g6 {[%emt 0:00:02]} 36. fxe4+ {[%emt 0:00:00]} Kxe4 {[%emt 0:00:00]} 37. Ke2 {[%emt 0:00:01]} Bc5 {[%emt 0:00:01]} 38. Bd2 {[%emt 0:00:01]} g5 {[%emt 0:00:01]} 39. g3 {[%emt 0:00:01]} h5 {[%emt 0:00:01]} 40. Bc1 {[%emt 0:00:04]} Bd6 {[%emt 0:00:01]} 41. g4 {[%emt 0:00:06]} fxg4 {[%emt 0:00:01]} 42. hxg4 {[%emt 0:00:00]} h4 {[%emt 0:00:00]} 43. Bd2 {[%emt 0:00:01]} h3 {[%emt 0:00:01]} 44. Kf2 {[%emt 0:00:01]} Kd3 {[%emt 0:00:02]} 45. Bc1 {[%emt 0:00:01]} Be5 {[%emt 0:00:01]} 46. e4 {[%emt 0:00:01]} h2 {[%emt 0:00:02]} 47. Kg2 {[%emt 0:00:01]} Kxe4 {[%emt 0:00:01]} 48. Bxg5 {[%emt 0:00:01]} Bd6 {[%emt 0:00:00]} 49. Bf6 {[%emt 0:00:01]} Kf4 {[%emt 0:00:01]} 50. g5 {[%emt 0:00:00]} Kf5 {[%emt 0:00:00]} 51. Kh1 {[%emt 0:00:00]} Bf4 {[%emt 0:00:01]} 52. Bd8 {[%emt 0:00:01]} Ke6 {[%emt 0:00:02]} 53. g6 {[%emt 0:00:01]} Be5 {[%emt 0:00:01] Time (Lag: Av=0.47s, max=1.1s)} 0-1

[Event "Stay Safe Play From Home 268"]
[Site "Emanuel Lasker Arena"]
[Date "2020.07.01"]
[Round "6"]
[White "Haris kollari 13"]
[Black "NeatFox"]
[Result "1-0"]
[WhiteElo "1757"]
[BlackElo "1920"]
[Annotator "NA"]
[PlyCount "79"]
[EventDate "2020.07.01"]
[EventType "swiss (blitz)"]

1. e4 {[%emt 0:00:01]} e5 {[%emt 0:00:01]} 2. f4 {[%emt 0:00:01]} exf4 {[%emt 0:00:02]} 3. Nf3 {[%emt 0:00:00]} Be7 {[%emt 0:00:00]} 4. d4 {[%emt 0:00:01]} Bh4+ {[%emt 0:00:01]} 5. Ke2 {[%emt 0:00:02]} Be7 {[%emt 0:00:02]} 6. Bxf4 {[%emt 0:00:01]} g6 {[%emt 0:00:00]} 7. Kf2 {[%emt 0:00:01]} Nf6 {[%emt 0:00:02]} 8. Bd3 {[%emt 0:00:03]} O-O {[%emt 0:00:02]} 9. h3 {[%emt 0:00:01]} Nh5 {[%emt 0:00:01]} 10. Bh2 {[%emt 0:00:02]} Bh4+ {[%emt 0:00:03]} 11. g3 {[%emt 0:00:01]} Be7 {[%emt 0:00:05]} 12. Re1 {[%emt 0:00:01]} Ng7 {[%emt 0:00:01]} 13. Kg2 {[%emt 0:00:01]} c5 {[%emt 0:00:01]} 14. d5 {[%emt 0:00:02]} b6 {[%emt 0:00:02]} 15. c4 {[%emt 0:00:01]} d6 {[%emt 0:00:01]} 16. Nc3 {[%emt 0:00:01]} Qd7 {[%emt 0:00:01]} 17. g4 {[%emt 0:00:03]} Bf6 {[%emt 0:00:02]} 18. e5 {[%emt 0:00:01]} dxe5 {[%emt 0:00:01]} 19. Nxe5 {[%emt 0:00:01]} Qb7 {[%emt 0:00:04]} 20. Ne4 {[%emt 0:00:02]} Bd8 {[%emt 0:00:03]} 21. Nd6 {[%emt 0:00:01]} Qa6 {[%emt 0:00:07]} 22. b4 {[%emt 0:00:05]} cxb4 {[%emt 0:00:02]} 23. c5 {[%emt 0:00:01]} Qa3 {[%emt 0:00:03]} 24. Nxc8 {[%emt 0:00:03]} Na6 {[%emt 0:00:02]} 25. Nd6 {[%emt 0:00:02]} Qb2+ {[%emt 0:00:02]} 26. Qc2 {[%emt 0:00:03]} Qxc2+ {[%emt 0:00:02]} 27. Bxc2 {[%emt 0:00:01]} b3 {[%emt 0:00:01]} 28. axb3 {[%emt 0:00:01]} Nxc5 {[%emt 0:00:00]} 29. b4 {[%emt 0:00:01]} Nd7 {[%emt 0:00:02]} 30. Nxd7 {[%emt 0:00:01]} Bc7 {[%emt 0:00:00]} 31. Nxf8 {[%emt 0:00:01]} Bxd6 {[%emt 0:00:03]} 32. Bxd6 {[%emt 0:00:02]} Rxf8 {[%emt 0:00:01]} 33. Bxf8 {[%emt 0:00:01]} Kxf8 {[%emt 0:00:00]} 34. d6 {[%emt 0:00:00]} Ne6 {[%emt 0:00:00]} 35. d7 {[%emt 0:00:01]} Kg7 {[%emt 0:00:00]} 36. Rxe6 {[%emt 0:00:01]} fxe6 {[%emt 0:00:00]} 37. d8=Q {[%emt 0:00:00]} Kh6 {[%emt 0:00:00]} 38. Qf6 {[%emt 0:00:01]} e5 {[%emt 0:00:00]} 39. h4 {[%emt 0:00:01]} e4 {[%emt 0:00:00]} 40. Qf8# {[%emt 0:00:01] (Lag: Av=0.41s, max=0.5s)} 1-0